[Event "ARG-ch U16"]
[Site "Buenos Aires"]
[Date "2019.03.01"]
[Round "2.3"]
[White "Asprelli, Gaspar"]
[Black "Duarte Fernandez, Hector"]
[Result "1-0"]
[WhiteElo "1963"]
[BlackElo "1640"]
[PlyCount "37"]
[EventDate "2019.03.01"]
[EventType "swiss"]
[EventRounds "9"]
[EventCountry "ARG"]
[SourceTitle "EXT 2024"]
[Source "ChessBase"]
[SourceDate "2023.10.10"]
[SourceVersion "1"]
[SourceVersionDate "2023.10.10"]
[SourceQuality "1"]

1. e4 g6 2. d4 Bg7 3. Nc3 a6 4. f4 c5 5. Nf3 cxd4 6. Nxd4 d6 7. Be3 b5 8. a3 Bb7 9. Be2 Nd7 10. 0-0 Ngf6 11. Bf3 0-0 12. Qe2 e5 13. Nb3 Qc7 14. Rad1 Nb6 15. Na5 Bc8 16. Qf2 Rb8 17. fxe5 dxe5 18. Bc5 Rd8 19. Rxd8+ 1-0

[Event "ARG-ch U16"]
[Site "Villa Martelli"]
[Date "2018.02.11"]
[Round "5.2"]
[White "Duarte Fernandez, Hector"]
[Black "Falcon, Benjamin"]
[Result "0-1"]
[WhiteElo "1643"]
[BlackElo "2197"]
[PlyCount "86"]
[EventDate "2018.02.09"]
[EventType "swiss"]
[EventRounds "9"]
[EventCountry "ARG"]
[SourceTitle "EXT 2024"]
[Source "ChessBase"]
[SourceDate "2023.10.10"]
[SourceVersion "1"]
[SourceVersionDate "2023.10.10"]
[SourceQuality "1"]

1. d4 Nf6 2. Nf3 g6 3. Bf4 Bg7 4. h3 0-0 5. e3 d6 6. Bh2 b6 7. Be2 Bb7 8. 0-0 Nbd7 9. c3 Ne4 10. Nfd2 e5 11. Nxe4 Bxe4 12. Bf3 Bxf3 13. Qxf3 Qe7 14. Nd2 Nf6 15. dxe5 dxe5 16. e4 Nd7 17. Qe2 Qc5 18. Qc4 Rfd8 19. Rad1 Bh6 20. b4 Qxc4 21. Nxc4 f6 22. Rd3 Kf7 23. Rfd1 Ke7 24. Ne3 Bxe3 25. Rxe3 Nf8 26. Red3 Rxd3 27. Rxd3 a5 28. a3 Ne6 29. f3 c5 30. Bg3 axb4 31. axb4 Ra3 32. bxc5 bxc5 33. Be1 Nf4 34. Re3 Ra2 35. Bf2 c4 36. Kf1 Nd3 37. Re2 Ra1+ 38. Be1 Kd6 39. g3 Kc6 40. Re3 Kb5 41. Re2 Ka4 42. Re3 Kb3 43. Re2 Rxe1+ 0-1